European Geography Ending In S - Statistics

General Stats
  • This quiz has been taken 357 times
  • The average score is 12 of 15
Answer Stats
Hint Answer % Correct
The capital of Belgium Brussels
99%
The capital of Greece Athens
97%
The capital of France Paris
96%
Faroe, Channel and Aland are all groups of these Islands
92%
Highest and most extensive mountain range in Europe Alps
91%
River that flows through London Thames
91%
The capital of Lithuania Vilnius
87%
Large freshwater lake in the Scottish Highlands Loch Ness
84%
The adjectival form of Switzerland Swiss
84%
Is a landlocked country in Eastern Europe Belarus
81%
Country in north-western Europe Netherlands
78%
Regional capital of Campania and the third-largest city of Italy Naples
77%
Where the treaty was signed ending WW1 Versailles
71%
City in the northern English county of Yorkshire Leeds
70%
Region of northwest Spain, is known for its rugged coast Asturias
18%
No matching quizzes found
Score Distribution
Percent of People with Each Score
Percentile by Number Answered
Your Score History
You have not taken this quiz